Italiens célèbres par images (partie 2) - Statistiques

Statistiques générales
  • Ce quiz a été pris 159 fois
  • Le résultat moyen est 5 sur 16
Statistiques - réponses
Par images Réponse % Correct
Gianluigi Buffon
78%
Auguste
63%
Giorgia Meloni
63%
Giorgio Armani
40%
Néron
40%
Nicolas Machiavel
40%
Raphaël
31%
Roberto Benigni
31%
Vincenzo Nibali
25%
Paolo Rossi
24%
Sergio Leone
23%
Caligula
19%
Ennio Morricone
19%
Matteo Renzi
15%
Dante Alighieri
12%
Saint Thomas d'Aquin
11%
Aucun quiz correspondant
Distribution des résultats
% des personnes avec chaque résultat
Percentile par nombre de réponses
Votre historique - résultats
Vous n’avez pas pris ce quiz